Buy to let (Record no. 81887)

MARC details
000 -LEADER
fixed length control field 01312cab a22002295a 4500
001 - CONTROL NUMBER
control field L148576
008 - FIXED-LENGTH DATA ELEMENTS--GENERAL INFORMATION
fixed length control field 091005s2009 xxkd f 000 0 eng d
035 ## - SYSTEM CONTROL NUMBER
System control number (Sirsi) u148576
041 0# - LANGUAGE CODE
Language code of text/sound track or separate title eng
100 1# - MAIN ENTRY--PERSONAL NAME
Personal name Mellish, Paul
245 00 - TITLE STATEMENT
Title Buy to let
Remainder of title a popular investment?
260 ## - PUBLICATION, DISTRIBUTION, ETC.
Date of publication, distribution, etc. 2009
490 #0 - SERIES STATEMENT
Series statement Journal of Property Investment and Finance
Volume/sequential designation 27(3) 2009, 178-190 (13)
520 ## - SUMMARY, ETC.
Summary, etc. The UK buy-to-let sector is a significant, popular investment market with over 1 024 300 buy-to-let mortgages outstanding between 1996 and 2007. Do men and women invest in the buy-to-let market for similar or different reasons? Reviews current background information on the buy-to-let market and evaluates a quantitative study examining whether the advantages outweigh the disadvantages for landlords investing in the buy-to-let market and if these issues are perceived differently by male and female landlords. Overall male and female landlords are seen to have differing approaches to their investment decisions in this sector. Tables, figures, references.
590 ## - LOCAL NOTE (RLIN)
Local note KA
650 24 - SUBJECT ADDED ENTRY--TOPICAL TERM
Topical term or geographic name entry element HOUSING ACT 1988
650 24 - SUBJECT ADDED ENTRY--TOPICAL TERM
Topical term or geographic name entry element BUILDING SOCIETIES ACT 1986
651 #4 - SUBJECT ADDED ENTRY--GEOGRAPHIC NAME
Geographic name United Kingdom
Chronological subdivision
690 ## - LOCAL SUBJECT ADDED ENTRY--TOPICAL TERM (OCLC, RLIN)
Topical term or geographic name as entry element PROPERTY-RESIDENTIAL PROPERTY-RESIDENTIAL PROPERTY FINANCE AND INVESTMENT
700 1# - ADDED ENTRY--PERSONAL NAME
Personal name Rhoden, Maureen
942 ## - ADDED ENTRY ELEMENTS (KOHA)
Suppress in OPAC 0
Holdings
Withdrawn status Lost status Source of classification or shelving scheme Damaged status Not for loan Home library Current library Shelving location Date acquired Total Checkouts Full call number Barcode Date last seen Copy number Price effective from Koha item type
    Dewey Decimal Classification     London London Journal article 05/10/2009   L148576 148576-1001 06/08/2019 1 06/08/2019 Journal article